[Event "American Continental (Women) 11th"]
[Site "Envigado"]
[Date "2018.11.18"]
[Round "3"]
[White "Roca Rojas, Ana Flavia"]
[Black "Perez Rodriguez, Jennifer"]
[Result "1/2-1/2"]
[WhiteElo "2132"]
[BlackElo "2203"]
[PlyCount "153"]
[EventDate "2018.11.17"]
[EventType "swiss"]
[EventRounds "9"]
[EventCountry "COL"]
[SourceTitle "CBM 187 Extra"]
[Source "ChessBase"]
[SourceDate "2018.11.04"]
[SourceVersion "1"]
[SourceVersionDate "2018.11.04"]
[SourceQuality "1"]

1. e4 e5 2. Bc4 Nf6 3. d3 Nc6 4. Nc3 Na5 5. Nge2 Nxc4 6. dxc4 d6 7. h3 Be6 8. Qd3 Nd7 9. b3 Nc5 10. Qf3 g6 11. Bb2 Bg7 12. 0-0-0 Qg5+ 13. Kb1 0-0-0 14. g4 h5 15. Rhg1 hxg4 16. hxg4 Rh2 17. Rg3 Rdh8 18. Bc1 Qf6 19. Qxf6 Bxf6 20. g5 Bd8 21. f3 R8h3 22. Rdg1 Rxg3 23. Rxg3 Rh3 24. Nd5 Rxg3 25. Nxg3 Bh3 26. f4 Bg2 27. fxe5 dxe5 28. Bb2 Bxg5 29. Bxe5 c6 30. Nc3 Bd2 31. Kb2 Bxc3+ 32. Kxc3 Nxe4+ 33. Kd4 Nxg3 34. Bxg3 f6 35. b4 Kd7 36. b5 g5 37. a4 Bf1 38. Bb8 a6 39. bxa6 bxa6 40. a5 Ke6 41. Bc7 Kf5 42. Bd8 Kg6 43. Kc5 f5 44. Kxc6 Bxc4 45. Kc5 Be2 46. Kd4 f4 47. Ke5 Kh5 48. Kf5 Bg4+ 49. Ke4 Bd7 50. Be7 Kg4 51. Kd3 Kf5 52. Ke2 g4 53. Bh4 Bc6 54. Kf2 Kg6 55. c3 Kh5 56. Be7 g3+ 57. Kg1 Kg4 58. Bc5 f3 59. Bb6 Kf5 60. c4 Ke4 61. Ba7 Kd3 62. Kf1 Kxc4 63. Bb8 Kb5 64. Bxg3 Kxa5 65. Ke1 Kb4 66. Bd6+ Ka4 67. Kd2 Kb3 68. Bc7 Bb5 69. Ke3 Be2 70. Kd2 Kb4 71. Bb6 a5 72. Kc2 Ka3 73. Kb1 a4 74. Ka1 Kb3 75. Ba7 a3 76. Bb6 a2 77. Ba7 1/2-1/2

[Event "Capablanca Memorial op 53rd"]
[Site "Havana"]
[Date "2018.05.15"]
[Round "6"]
[White "Fernandez Rivero, Karla July"]
[Black "Roca Rojas, Ana Flavia"]
[Result "1/2-1/2"]
[WhiteElo "2023"]
[BlackElo "2219"]
[PlyCount "38"]
[EventDate "2018.05.09"]
[EventType "swiss"]
[EventRounds "10"]
[EventCountry "CUB"]
[SourceTitle "EXT 2021"]
[Source "ChessBase"]
[SourceDate "2020.10.23"]
[SourceVersion "1"]
[SourceVersionDate "2020.10.23"]
[SourceQuality "1"]

1. d4 Nf6 2. c4 c6 3. Nf3 g6 4. Nc3 d5 5. e3 Bg7 6. Be2 0-0 7. 0-0 dxc4 8. Bxc4 Bg4 9. h3 Bxf3 10. Qxf3 Nbd7 11. Rd1 e5 12. d5 e4 13. Nxe4 Nxe4 14. Qxe4 Nb6 15. Bb3 cxd5 16. Bxd5 Nxd5 17. Rxd5 Qc7 18. Bd2 Bxb2 19. Rb1 Bg7 1/2-1/2

[Event "Capablanca Memorial op 53rd"]
[Site "Havana"]
[Date "2018.05.11"]
[Round "3"]
[White "Roca Rojas, Ana Flavia"]
[Black "Flores Quillas, Diego Saul Rodrigo"]
[Result "0-1"]
[WhiteElo "2219"]
[BlackElo "2097"]
[PlyCount "106"]
[EventDate "2018.05.09"]
[EventType "swiss"]
[EventRounds "10"]
[EventCountry "CUB"]
[SourceTitle "EXT 2019"]
[Source "ChessBase"]
[SourceDate "2018.10.10"]
[SourceVersion "1"]
[SourceVersionDate "2018.10.10"]
[SourceQuality "1"]

1. e4 c5 2. Nf3 e6 3. d4 cxd4 4. Nxd4 Nf6 5. Nc3 d6 6. g3 Be7 7. Bg2 a6 8. 0-0 0-0 9. Be3 Qc7 10. Kh1 Nc6 11. Qe2 Bd7 12. Rad1 Rac8 13. Nb3 Ne5 14. f4 Nc4 15. Bc1 b5 16. a3 Bc6 17. g4 Rfe8 18. g5 Nd7 19. Rd3 Bf8 20. Qf2 g6 21. h4 Ba8 22. Rh3 Qb6 23. Qe1 Bg7 24. h5 a5 25. Nd1 a4 26. Nd2 Nxd2 27. Qxd2 Rc4 28. Nf2 Nc5 29. Qe2 Qc6 30. c3 e5 31. hxg6 hxg6 32. f5 gxf5 33. Qh5 f4 34. g6 fxg6 35. Qxg6 Re6 36. Qh7+ Kf8 37. Bf3 Nxe4 38. Nxe4 Qxe4 39. Qh4 Qd3 40. Rf2 Bxf3+ 41. Rfxf3 Qxf3+ 42. Rxf3 Rh6 43. Qxh6 Bxh6 44. Rd3 Ke7 45. Kg1 Ke6 46. Kf2 Rc8 47. Rh3 Rh8 48. Rh1 Bg7 49. Rg1 Bf6 50. Rd1 Rh2+ 51. Kf3 Kf5 52. Rd5 Bh4 53. Bxf4 Rf2+ 0-1

[Event "Capablanca Memorial op 53rd"]
[Site "Havana"]
[Date "2018.05.10"]
[Round "2"]
[White "Venzant Batista, Marcia Camila"]
[Black "Roca Rojas, Ana Flavia"]
[Result "0-1"]
[WhiteElo "2027"]
[BlackElo "2219"]
[PlyCount "92"]
[EventDate "2018.05.09"]
[EventType "swiss"]
[EventRounds "10"]
[EventCountry "CUB"]
[SourceTitle "EXT 2019"]
[Source "ChessBase"]
[SourceDate "2018.10.10"]
[SourceVersion "1"]
[SourceVersionDate "2018.10.10"]
[SourceQuality "1"]

1. e4 c5 2. Nf3 d6 3. d4 cxd4 4. Nxd4 Nf6 5. Nc3 a6 6. a4 e6 7. Be2 Be7 8. 0-0 0-0 9. Be3 Nc6 10. Nb3 b6 11. f4 Bb7 12. Bf3 Qc7 13. Qe1 Nd7 14. Qg3 Rfe8 15. Qh3 Nc5 16. f5 Bf8 17. Bh5 Bc8 18. f6 Ne5 19. Qg3 Ncd7 20. Bh6 Nxf6 21. Rxf6 Ng6 22. Rf2 gxh6 23. Raf1 Re7 24. Ne2 Bb7 25. Nc3 Bg7 26. Rd1 Rd8 27. Nd4 Qc5 28. Nf5 exf5 29. exf5 Bd4 30. fxg6 Bxf2+ 31. Qxf2 Qxf2+ 32. Kxf2 hxg6 33. Be2 Re5 34. Bc4 Kg7 35. Rd2 f5 36. Ne2 b5 37. axb5 axb5 38. Bb3 g5 39. Nd4 Kf6 40. Ba2 Ke7 41. Kg3 h5 42. Kf2 f4 43. Bb1 g4 44. c3 Rf8 45. Bd3 h4 46. Bxb5 g3+ 0-1

[Event "Maria Teresa Mora Memorial Elite"]
[Site "Havana"]
[Date "2018.??.??"]
[Round "3"]
[White "Roca Rojas, Ana Flavia"]
[Black "Pulido Alvarez, Ariel"]
[Result "1-0"]
[WhiteElo "2231"]
[BlackElo "2298"]
[PlyCount "91"]
[EventDate "2018.03.08"]
[EventType "tourn"]
[EventRounds "9"]
[EventCountry "CUB"]
[EventCategory "1"]
[SourceTitle "EXT 2021"]
[Source "ChessBase"]
[SourceDate "2020.10.23"]
[SourceVersion "1"]
[SourceVersionDate "2020.10.23"]
[SourceQuality "1"]

1. c4 Nf6 2. g3 c6 3. Bg2 g6 4. Nc3 d5 5. cxd5 cxd5 6. d4 Bg7 7. Nf3 0-0 8. 0-0 Nc6 9. Ne5 e6 10. Nxc6 bxc6 11. Na4 Re8 12. Bf4 Nh5 13. Be3 e5 14. Rc1 Bd7 15. dxe5 Bxe5 16. Qd2 Bg7 17. Rfd1 Qe7 18. Bf3 Nf6 19. Nc5 Bf5 20. Bd4 Rad8 21. b3 h5 22. Qc3 Kh7 23. Qa1 Rc8 24. b4 Bh8 25. Rc3 Qd6 26. a3 g5 27. e3 h4 28. Qc1 Qe7 29. Qd2 Rg8 30. Qe2 Rg6 31. g4 Be4 32. h3 Bg7 33. Bg2 Bxg2 34. Kxg2 Re8 35. Qf3 Nd7 36. Nxd7 Qxd7 37. b5 cxb5 38. Bxg7 Kxg7 39. Rxd5 Qb7 40. Rcc5 Kh6 41. Rxb5 Qe7 42. Rf5 Rf8 43. Rb7 Qd6 44. Rfxf7 Rxf7 45. Qxf7 Qc6+ 46. Kg1 1-0

[Event "Maria Teresa Mora Memorial Elite"]
[Site "Havana"]
[Date "2018.??.??"]
[Round "7"]
[White "Roca Rojas, Ana Flavia"]
[Black "Rodriguez Rodriguez, Javier"]
[Result "1/2-1/2"]
[WhiteElo "2231"]
[BlackElo "2329"]
[PlyCount "81"]
[EventDate "2018.03.08"]
[EventType "tourn"]
[EventRounds "9"]
[EventCountry "CUB"]
[EventCategory "1"]
[SourceTitle "EXT 2021"]
[Source "ChessBase"]
[SourceDate "2020.10.23"]
[SourceVersion "1"]
[SourceVersionDate "2020.10.23"]
[SourceQuality "1"]

1. c4 Nf6 2. g3 c6 3. Bg2 d5 4. Nf3 g6 5. 0-0 Bg7 6. cxd5 cxd5 7. d4 Nc6 8. Nc3 Ne4 9. Bf4 Nxc3 10. bxc3 0-0 11. Re1 Bf5 12. Nh4 Be6 13. Qc1 Rc8 14. Qe3 Na5 15. Rab1 Qd7 16. Bh6 Rc6 17. Bxg7 Kxg7 18. Nf3 Nc4 19. Qf4 Bf5 20. Rb4 Qc7 21. Ne5 Nxe5 22. Qxe5+ Qxe5 23. dxe5 b6 24. Bxd5 Rxc3 25. g4 Bc8 26. f3 Rc5 27. e4 e6 28. Bb3 Rd8 29. Rc4 Rxc4 30. Bxc4 Bb7 31. Bb3 Kf8 32. Rc1 Ke7 33. Ba4 Rc8 34. Rxc8 Bxc8 35. Kf2 Bd7 36. Bb3 Kd8 37. f4 Kc7 38. Ke3 Kc6 39. Kd4 Kb5 40. a3 Ka5 41. f5 1/2-1/2

[Event "Maria Teresa Mora Memorial Elite"]
[Site "Havana"]
[Date "2018.??.??"]
[Round "1"]
[White "Roca Rojas, Ana Flavia"]
[Black "Yanes Canizares, Alejandro"]
[Result "0-1"]
[WhiteElo "2231"]
[BlackElo "2279"]
[PlyCount "94"]
[EventDate "2018.03.08"]
[EventType "tourn"]
[EventRounds "9"]
[EventCountry "CUB"]
[EventCategory "1"]
[SourceTitle "EXT 2021"]
[Source "ChessBase"]
[SourceDate "2020.10.23"]
[SourceVersion "1"]
[SourceVersionDate "2020.10.23"]
[SourceQuality "1"]

1. Nf3 Nf6 2. g3 b5 3. Bg2 Bb7 4. b3 e6 5. Bb2 Be7 6. 0-0 0-0 7. c4 bxc4 8. bxc4 c5 9. Nc3 Nc6 10. Rb1 Qc8 11. e4 d6 12. d3 Rd8 13. Bh3 Nd7 14. Ne1 Nd4 15. Nc2 Nxc2 16. Qxc2 Qc6 17. f4 Bf6 18. Bg2 Bd4+ 19. Kh1 Nf6 20. Nb5 Bxb2 21. Rxb2 a6 22. Nc3 Rab8 23. Rfb1 Nd7 24. Qa4 Qc7 25. Kg1 h5 26. Qd1 g6 27. g4 hxg4 28. Qxg4 Bc6 29. f5 Ne5 30. Qg3 Rxb2 31. Rxb2 Rb8 32. Rf2 Qa5 33. fxe6 Qxc3 34. exf7+ Nxf7 35. Bh3 Qe5 36. Qxg6+ Qg7 37. Rf6 Rb1+ 38. Kf2 Qxg6 39. Rxg6+ Kf8 40. Be6 Ne5 41. Rg8+ Ke7 42. Bc8 Nxd3+ 43. Ke3 Ne5 44. Bxa6 Re1+ 45. Kd2 Rxe4 46. Rg7+ Kd8 47. Kc3 Re3+ 0-1

[Event "Guillermo Garcia Memorial op 26th"]
[Site "Santa Clara"]
[Date "2017.05.24"]
[Round "8"]
[White "Fernandez Rivero, Karla July"]
[Black "Roca Rojas, Ana Flavia"]
[Result "1/2-1/2"]
[WhiteElo "2083"]
[BlackElo "2234"]
[PlyCount "113"]
[EventDate "2017.05.16"]
[EventType "swiss"]
[EventRounds "9"]
[EventCountry "CUB"]
[SourceTitle "CBM 178 Extra"]
[Source "ChessBase"]
[SourceDate "2017.06.22"]
[SourceVersion "1"]
[SourceVersionDate "2017.06.22"]
[SourceQuality "1"]

1. d4 Nf6 2. c4 c5 3. d5 b5 4. cxb5 a6 5. b6 g6 6. Nc3 Bg7 7. e4 d6 8. Nf3 0-0 9. Be2 Qxb6 10. Nd2 Nbd7 11. Nc4 Qc7 12. 0-0 Nb6 13. Ne3 Bb7 14. Rb1 a5 15. Qc2 e6 16. Rd1 exd5 17. exd5 Rfe8 18. Bb5 Re5 19. Nc4 Re7 20. Bf4 Nxc4 21. Bxc4 Qb6 22. Na4 Qd8 23. Nc3 Bc8 24. Re1 Rb7 25. b3 Bf5 26. Bd3 Rb4 27. Bg5 h6 28. Bc1 Bxd3 29. Qxd3 Ng4 30. Bb2 Be5 31. g3 Qf6 32. Re2 Rd4 33. Qc2 Qf3 34. h3 Nxf2 35. Rxf2 Qxg3+ 36. Rg2 Qe3+ 37. Qf2 Qxh3 38. Ne2 Rh4 39. Kf1 Qd3 40. Qxh4 Qxb1+ 41. Bc1 Qxa2 42. Qxh6 Qb1 43. Rf2 a4 44. bxa4 Rxa4 45. Qh3 Rc4 46. Qc8+ Kg7 47. Rxf7+ Kxf7 48. Qe6+ Kg7 49. Qe7+ Kh8 50. Qe8+ Kh7 51. Qd7+ Bg7 52. Qh3+ Kg8 53. Qe6+ Kh7 54. Qh3+ Kg8 55. Qe6+ Kh8 56. Qc8+ Kh7 57. Qh3+ 1/2-1/2

[Event "Guillermo Garcia Memorial op 26th"]
[Site "Santa Clara"]
[Date "2017.05.16"]
[Round "1"]
[White "Roca Rojas, Ana Flavia"]
[Black "Mesa, Francisco Alonso Jr"]
[Result "1-0"]
[WhiteElo "2234"]
[BlackElo "1903"]
[PlyCount "173"]
[EventDate "2017.05.16"]
[EventType "swiss"]
[EventRounds "9"]
[EventCountry "CUB"]
[SourceTitle "CBM 178 Extra"]
[Source "ChessBase"]
[SourceDate "2017.06.22"]
[SourceVersion "1"]
[SourceVersionDate "2017.06.22"]
[SourceQuality "1"]

1. e4 c5 2. Nf3 e6 3. g3 Nc6 4. Bg2 Nf6 5. Qe2 d6 6. 0-0 Be7 7. c3 Qb6 8. Na3 0-0 9. d3 a6 10. Nc4 Qc7 11. e5 dxe5 12. Nfxe5 Nxe5 13. Nxe5 Nd7 14. Nc4 Nb6 15. Bf4 Qd8 16. Rfe1 Nxc4 17. dxc4 f6 18. Rad1 Qb6 19. Be4 e5 20. Qh5 f5 21. Bd5+ Kh8 22. Bxe5 Bf6 23. Bxf6 Qxf6 24. f4 Rb8 25. Re5 b5 26. cxb5 axb5 27. Qe2 c4 28. Qe3 h6 29. b3 cxb3 30. axb3 Bb7 31. Re6 Qd8 32. c4 bxc4 33. bxc4 Bxd5 34. cxd5 Rf6 35. Re5 Qd7 36. Qd4 Rd8 37. Rde1 Qd6 38. Qe3 Qd7 39. Qc5 Rd6 40. Re7 Qa4 41. Qc3 Rf6 42. R7e5 Qa7+ 43. Qe3 Qd7 44. Qd4 Qd6 45. Re8+ Rxe8 46. Rxe8+ Kh7 47. Re1 Rf7 48. Qe5 Qc5+ 49. Kg2 Qc2+ 50. Re2 Qc5 51. Qe6 Rf6 52. Qe5 Kg6 53. h3 Kh7 54. g4 fxg4 55. hxg4 Qc4 56. Qe4+ Qxe4+ 57. Rxe4 Rd6 58. Re5 g6 59. Kf3 Kg7 60. Ke4 Ra6 61. Re6 Ra1 62. Ke5 Re1+ 63. Kd6 Rf1 64. Re4 Kf7 65. Ke5 h5 66. gxh5 gxh5 67. f5 Rd1 68. Rh4 Re1+ 69. Kd6 Kf6 70. Rxh5 Rd1 71. Kc6 Ke5 72. Rg5 Rc1+ 73. Kd7 Kf6 74. Rh5 Rd1 75. d6 Kf7 76. Rh6 Rd2 77. Kc7 Rc2+ 78. Kd8 Rc5 79. d7 Rc1 80. Rh7+ Kf8 81. Rh2 Kf7 82. Ra2 Rc3 83. Ra8 Rc1 84. Rc8 Rd1 85. Kc7 Rc1+ 86. Kb6 Rb1+ 87. Ka5 1-0

[Event "Pan American-ch (Women)"]
[Site "Manzanillo"]
[Date "2016.11.10"]
[Round "6"]
[White "Hernandez Moya, Yuleisis"]
[Black "Roca Rojas, Ana Flavia"]
[Result "1/2-1/2"]
[WhiteElo "2232"]
[BlackElo "2218"]
[PlyCount "57"]
[EventDate "2016.11.06"]
[EventType "swiss"]
[EventRounds "9"]
[EventCountry "MEX"]
[SourceTitle "EXT 2024"]
[Source "ChessBase"]
[SourceDate "2023.10.10"]
[SourceVersion "1"]
[SourceVersionDate "2023.10.10"]
[SourceQuality "1"]

1. e4 e5 2. Nf3 Nc6 3. d4 exd4 4. Nxd4 Bb4+ 5. c3 Be7 6. Be2 Nf6 7. Nxc6 dxc6 8. Qxd8+ Bxd8 9. f3 0-0 10. 0-0 Be7 11. Be3 Bd6 12. Bd4 Re8 13. Nd2 c5 14. Bxf6 gxf6 15. Nc4 Bf4 16. g3 Bh6 17. Rfd1 Be6 18. Kf2 Bxc4 19. Bxc4 Rad8 20. a4 Bf8 21. a5 c6 22. Ke3 Bd6 23. f4 Bc7 24. Kf3 Kf8 25. a6 b5 26. Bf1 c4 27. Bh3 Ke7 28. Kg4 Bb6 29. Kf3 1/2-1/2

[Event "Pan American-ch U20 Girls"]
[Site "Guatape"]
[Date "2016.06.21"]
[Round "2"]
[White "Roca Rojas, Ana Flavia"]
[Black "Brizzi, Milagros Tatiana"]
[Result "1/2-1/2"]
[WhiteElo "2177"]
[BlackElo "1990"]
[PlyCount "60"]
[EventDate "2016.06.20"]
[EventType "swiss"]
[EventRounds "9"]
[EventCountry "COL"]
[SourceTitle "EXT 2017"]
[Source "ChessBase"]
[SourceDate "2016.10.25"]
[SourceVersion "1"]
[SourceVersionDate "2016.10.25"]
[SourceQuality "1"]

1. e4 c5 2. Nf3 e6 3. g3 Qc7 4. Bg2 Nc6 5. 0-0 Nge7 6. Nc3 a6 7. d4 cxd4 8. Nxd4 Nxd4 9. Qxd4 Nc6 10. Qd3 Be7 11. Kh1 0-0 12. f4 d6 13. a4 b6 14. Be3 Bb7 15. Qc4 Rac8 16. f5 Ne5 17. Qxc7 Rxc7 18. Bxb6 Rc6 19. Bd4 Bf6 20. fxe6 fxe6 21. Bxe5 Bxe5 22. Rxf8+ Kxf8 23. Ra3 Bxc3 24. Rxc3 Rxc3 25. bxc3 a5 26. e5 d5 27. c4 Bc6 28. cxd5 exd5 29. c4 Bxa4 30. cxd5 Ke7 1/2-1/2

[Event "Guillermo Garcia Memorial op 24th"]
[Site "Santa Clara"]
[Date "2015.06.04"]
[Round "2"]
[White "Roca Rojas, Ana Flavia"]
[Black "Ruiz Aguilar, Pablo Alexander"]
[Result "1-0"]
[WhiteElo "2242"]
[BlackElo "2283"]
[PlyCount "95"]
[EventDate "2015.06.03"]
[EventType "swiss"]
[EventRounds "9"]
[EventCountry "CUB"]
[SourceTitle "CBM 167 Extra"]
[Source "ChessBase"]
[SourceDate "2015.09.14"]
[SourceVersion "1"]
[SourceVersionDate "2015.09.14"]
[SourceQuality "1"]

1. c4 c5 2. Nc3 Nc6 3. g3 b6 4. Bg2 Bb7 5. Nf3 Nf6 6. e4 d6 7. d4 cxd4 8. Nxd4 Nxd4 9. Qxd4 g6 10. 0-0 Bg7 11. Be3 0-0 12. Qd2 Ng4 13. Bd4 Bh6 14. Qe2 e5 15. Be3 Nxe3 16. fxe3 Qg5 17. Rfe1 Rfc8 18. Rad1 Rc6 19. b3 a6 20. Nd5 Rd8 21. Qf2 Bf8 22. Rf1 f5 23. h4 Qh6 24. exf5 g5 25. f6 Kh8 26. Be4 b5 27. cxb5 axb5 28. Rc1 gxh4 29. gxh4 Rxc1 30. Rxc1 Rc8 31. Rxc8 Bxc8 32. Qg3 Be6 33. Qg5 Bf7 34. a4 bxa4 35. bxa4 Qh5 36. Qxh5 Bxh5 37. a5 Be2 38. Kf2 Bc4 39. Nc7 d5 40. Bxd5 Bd6 41. Bxc4 Bxc7 42. a6 Bb6 43. Kf3 h5 44. Ke4 Kh7 45. Bf7 Ba7 46. Bxh5 Kg8 47. Bg6 Kf8 48. h5 1-0